000 00771nam a22002417a 4500
999 _c371143
_d371143
001 84826
003 UA-OsUOA
005 20200221105457.0
007 ta
008 20120611b un ||||| |||| 00| 0 ukr d
040 _aUA-OsUOA
_bukr
_cUA-OsUOA
_dUA-OsUOA
041 _aukr
080 _a821.161.2:09
090 _a821.161.2:09
_bЧ-15
100 _aЧайковський А.
245 _aВідвдячив ся
_bоповіданнє з козацької давнини для української молоді
260 _bУВС
300 _a224 с.
650 7 _a09 Рукописи. Раритети і рідкісні видання
_2UDC
650 7 _a82 Література. Літературознавство
942 _cRB
_2udc
955 _a3